<?xml version="1.0" encoding="UTF-8"?>
<record
    xmlns:xsi="http://www.w3.org/2001/XMLSchema-instance"
    xsi:schemaLocation="http://www.loc.gov/MARC21/slim http://www.loc.gov/standards/marcxml/schema/MARC21slim.xsd"
    xmlns="http://www.loc.gov/MARC21/slim">

  <leader>01401na  a2200301   4500</leader>
  <controlfield tag="001">24331</controlfield>
  <controlfield tag="003">MIRAKIL</controlfield>
  <controlfield tag="005">20181226104237.0</controlfield>
  <controlfield tag="008">180917b        tu            000 0      </controlfield>
  <datafield tag="041" ind1=" " ind2=" ">
    <subfield code="a">tur</subfield>
  </datafield>
  <datafield tag="082" ind1=" " ind2=" ">
    <subfield code="a">341.481</subfield>
    <subfield code="b">G64g 2010</subfield>
  </datafield>
  <datafield tag="090" ind1=" " ind2=" ">
    <subfield code="a">341.481 G64g 2010</subfield>
  </datafield>
  <datafield tag="100" ind1=" " ind2=" ">
    <subfield code="a">Goldstone, Richard</subfield>
  </datafield>
  <datafield tag="245" ind1=" " ind2=" ">
    <subfield code="a">Goldstone raporu</subfield>
    <subfield code="b">Filistin ve i&#x15F;gal alt&#x131;ndaki di&#x11F;er Arap b&#xF6;lgelerinde insan haklar&#x131; sorunu</subfield>
    <subfield code="b">Gazze &#xE7;at&#x131;&#x15F;mas&#x131;yla ilgili Birle&#x15F;mi&#x15F; milletler insan haklar&#x131; konseyi ara&#x15F;t&#x131;rma komisyonu raporu</subfield>
    <subfield code="c">Richard Goldstone; &#xC7;ev. M. Malik Yavuz</subfield>
  </datafield>
  <datafield tag="246" ind1=" " ind2=" ">
    <subfield code="a">Filistin ve i&#x15F;gal alt&#x131;ndaki di&#x11F;er Arap b&#xF6;lgelerinde insan haklar&#x131; sorunu</subfield>
  </datafield>
  <datafield tag="246" ind1=" " ind2=" ">
    <subfield code="a">Gazze &#xE7;at&#x131;&#x15F;mas&#x131;yla ilgili Birle&#x15F;mi&#x15F; milletler insan haklar&#x131; konseyi ara&#x15F;t&#x131;rma komisyonu raporu</subfield>
  </datafield>
  <datafield tag="260" ind1=" " ind2=" ">
    <subfield code="a">&#x130;stanbul</subfield>
    <subfield code="b">Filistin platformu yay&#x131;nlar&#x131;</subfield>
    <subfield code="c">2010</subfield>
    <subfield code="f">pelikan matbaas&#x131;</subfield>
  </datafield>
  <datafield tag="300" ind1=" " ind2=" ">
    <subfield code="a">575 s.</subfield>
    <subfield code="c">28 sm.</subfield>
  </datafield>
  <datafield tag="440" ind1=" " ind2=" ">
    <subfield code="a">Filistin platformu yay&#x131;nlar&#x131;</subfield>
    <subfield code="v">1</subfield>
  </datafield>
  <datafield tag="650" ind1=" " ind2=" ">
    <subfield code="a">&#x130;nsan haklar&#x131; ve uluslararas&#x131; hukuk</subfield>
  </datafield>
  <datafield tag="650" ind1=" " ind2=" ">
    <subfield code="a">&#x130;nsan haklar&#x131; sorunlar&#x131;</subfield>
    <subfield code="x">Filistin</subfield>
  </datafield>
  <datafield tag="650" ind1=" " ind2=" ">
    <subfield code="a">&#x130;nsan haklar&#x131; ihlali</subfield>
    <subfield code="x">Filistin</subfield>
  </datafield>
  <datafield tag="700" ind1=" " ind2=" ">
    <subfield code="a">Yavuz, M. Malik </subfield>
  </datafield>
  <datafield tag="740" ind1=" " ind2=" ">
    <subfield code="a">Filistin ve i&#x15F;gal alt&#x131;ndaki di&#x11F;er Arap b&#xF6;lgelerinde insan haklar&#x131; sorunu</subfield>
  </datafield>
  <datafield tag="740" ind1=" " ind2=" ">
    <subfield code="a">Gazze &#xE7;at&#x131;&#x15F;mas&#x131;yla ilgili Birle&#x15F;mi&#x15F; milletler insan haklar&#x131; konseyi ara&#x15F;t&#x131;rma komisyonu raporu</subfield>
  </datafield>
  <datafield tag="942" ind1=" " ind2=" ">
    <subfield code="2">ddc</subfield>
    <subfield code="c">BKS</subfield>
  </datafield>
  <datafield tag="040" ind1=" " ind2=" ">
    <subfield code="a">Milas</subfield>
    <subfield code="b">tur</subfield>
    <subfield code="c">TR-AnCHP</subfield>
  </datafield>
  <datafield tag="952" ind1=" " ind2=" ">
    <subfield code="5">0</subfield>
    <subfield code="a">0002</subfield>
    <subfield code="b">0002</subfield>
    <subfield code="d">2018-09-17</subfield>
    <subfield code="l">0</subfield>
    <subfield code="o">341.481 G64g 2010</subfield>
    <subfield code="p">P00100</subfield>
    <subfield code="r">2018-09-17 00:00:00</subfield>
    <subfield code="v">0.00</subfield>
    <subfield code="w">2018-09-17</subfield>
    <subfield code="x"> </subfield>
    <subfield code="y">BKS</subfield>
  </datafield>
  <datafield tag="999" ind1=" " ind2=" ">
    <subfield code="c">11944</subfield>
    <subfield code="d">11944</subfield>
  </datafield>
</record>
